Регионална библиотека "Любен Каравелов" - Русе

[Триста шестдесет и пет] 365 дни за творчески игри (Запис номер 30730)

MARC детайли
000 -Лидер
Контролно поле с фиксирана дължина 01714nam a2200397 c 4500
003 - Код на организацията, давaща контролен номер
Контролно поле BLK
005 - Дата и час на последна редакция
Контролно поле 20240116164814.0
008 - Елементи от данни с фиксирана дължина
fixed length control field 180407b bul|||||r ||||||| ||bul||
010 ## - Наследен системен номер
LC control number KNG00033366000
020 ## - Международен стандартен номер на книга ISBN
Международен стандартен номер на книга ISBN 954-754-002-5
040 ## - Източник на каталожния запис
Идентификатор на билиотеката - собственик на записа BLK
041 ## - Код за език
Код за езика на текст/звукозапис или на отделно заглавие Български
Код за езика КДБФ Български
080 ## - УДК
Текстов определител УДК Предучилищно възпитание
УДК код - определител по УДК 373.2.016
УДК определител (035)
УДК - код + определител 373.2.016(035)
080 ## - УДК
УДК код - определител по УДК 793.4/.9
УДК определител (035)
УДК - код + определител 793.4/.9(035)
100 1# - Редна дума - Автор
Автор Елисън, Шийла
Авторска отговорност първи автор
R(LIN) 271006
139 ## - Редно поле
Редна дума Елисън, Шийла и др.
Авторски знак Елин - Е 52
245 10 - Сведения за заглавието
Заглавие [Триста шестдесет и пет] 365 дни за творчески игри
Подзаглавни данни За деца на възраст над две години
Редно поле (дума) Шийла Елисън; съавт. Джудит Грей; прев. от англ. Весела Прошкова; предг. от Ирина Колева Колева.
257 ## - Страна на издаване
Страна на създаване/издаване Съединени американски щати
260 ## - Област на издателските данни
Име на издателя, разпространителя и проч. Гарант - 21
Година на издаване 2000
Място на издаване, разпространение и проч. София
300 ## - Физическа характеристика
Страници 370 с.
Илюстрации и др. с ил.
Размери/Мащаб 20 см
380 ## - Жанр
Жанр Обществени науки
500 ## - Общи забележки
Забележка Ил. са на деца от 5 до 7 г. , живеещи в Сан Франциско - САЩ
650 #4 - Допълнително описание по предмет – тема
Основно описание – тема или топоним Детски игри
9 (RLIN) 241574
650 #4 - Допълнително описание по предмет – тема
Основно описание – тема или топоним Дидактически игри - в училищата
9 (RLIN) 271008
653 ## - Ключова дума – ненормативна
Ключова дума игри
700 1# - Други автори (авторска отговорност)
Лично име Грей, Джудит
Автороска отговорност (Описва отношението между автора и произведението) съавт.
9 (RLIN) 271007
700 1# - Други автори (авторска отговорност)
Лично име Колева, Ирина Колева
Автороска отговорност (Описва отношението между автора и произведението) предг. от
9 (RLIN) 364815
700 ## - Други автори (авторска отговорност)
Лично име Прошкова, Весела Богомилова
Дати, свързани с автора 1950-
Автороска отговорност (Описва отношението между автора и произведението) прев. от англ.
9 (RLIN) 365223
852 ## - Местоположение
Форматна сигнатура Цб 205777
856 4# - Електронен адрес и достъп
Електронен формат pdf - файл
856 4# - Електронен адрес и достъп
Електронен формат pdf - файл
999 ## - СИСТЕМНИ КОНТРОЛНИ НОМЕРА
Koha biblionumber 30730
Koha biblioitemnumber 30730
942 ## - АРТИКУЛИ
Вид на библиотечния материал Книги
Скрит в OPAC Не
Koha issues (borrowed), all copies 9
Периодичен библиозапис Да
944 ## - СЪЗДАВАНЕ И РЕДАКЦИЯ на ЗАПИСА
Създаване/Редакция Създаване
Дата на регистрацията/редакция 29.01.2003
Служител, извършил регистрацията/редакцията 30543
Статус, дата на статуса Ива Цветкова
944 ## - СЪЗДАВАНЕ И РЕДАКЦИЯ на ЗАПИСА
Създаване/Редакция Редакция
Дата на регистрацията/редакция 29.01.2003
999 ## - СИСТЕМНИ КОНТРОЛНИ НОМЕРА
Koha biblioitemnumber 30730
Наличности
Код за отписване Код за изгубен артикул Източник на класификационната схема Код за повреда Коз за рестрикции Код за отдаване Артикулен № Име на библиотеката - собственик Име на библиотеката, в която се намира в момента Статус (Текущо местоположение) Дата на вписване в системата Местоположение - отдел Цена в лева Инвентарен номер Систематично азбучна сигнатура Баркод Номер на екземпляра Цена в евро Служебна бележка Служебен тип на артикула
  Не е изгубен Universal Decimal Classification Не е повреден без рестрикции заемане за дома 49143 Регионална библиотека "Любен Каравелов" Русе Регионална библиотека "Любен Каравелов" Русе Детски отдел 2001-01-01 Детски отдел 9.80 658329 373.2/Е 52 Ш 120000658329 1 5.01 Дост: Pk Вид: Ф N: стар фонд Дата: 01.01.2001 Дата инв: 07.02.2018 Бележки инв: П2018 Книги
  Не е изгубен Universal Decimal Classification Не е повреден без рестрикции ползва се в читалня 49144 Регионална библиотека "Любен Каравелов" Русе Регионална библиотека "Любен Каравелов" Русе Хранилище 2001-01-01 Хранилище 9.80 662383 Цб 205777 120000662383 2 5.01 Дост: Dp Вид: Д N: 7 Дата: 01.01.2001 Книги
Vip Innovations Ltd, Rousse, Bulgaria 2025